Celoeurópsky osobný dôchodkový produkt (európsky dôchodok)
Celoeurópsky osobný dôchodkový produkt je známy aj pod skratkou PEPP a ide o jednoduché a lacné investičné sporenie na dôchodok podľa pravidiel Európskej únie. Čo sa týka pravidiel EÚ, tak tento produkt je upravený v nariadení Európskeho parlamentu a Rady EÚ 2019/1238 o celoeurópskom osobnom dôchodk...
Uložené v:
| Hlavný autor: | |
|---|---|
| Médium: | Kapitola |
| Jazyk: | Slovak |
| Predmet: | |
| Tagy: |
Žiadne tagy, Buďte prvý, kto otaguje tento záznam!
|
MARC
| LEADER | 00000naa a2200000 4500 | ||
|---|---|---|---|
| 001 | 0307079 | ||
| 005 | 20250218084440.9 | ||
| 041 | 0 | |a slo | |
| 044 | |a SK | ||
| 245 | 1 | 0 | |a Celoeurópsky osobný dôchodkový produkt (európsky dôchodok) |c Tatiana Mičudová |
| 520 | |a Celoeurópsky osobný dôchodkový produkt je známy aj pod skratkou PEPP a ide o jednoduché a lacné investičné sporenie na dôchodok podľa pravidiel Európskej únie. Čo sa týka pravidiel EÚ, tak tento produkt je upravený v nariadení Európskeho parlamentu a Rady EÚ 2019/1238 o celoeurópskom osobnom dôchodkovom produkte, ktoré bolo prijaté dňa 20. júna 2019. Predmetné naradenie sa v praxi aplikuje od 22. marca 2022. | ||
| 610 | 2 | 0 | |a dôchodky |
| 610 | 2 | 0 | |a Európska únia |
| 610 | 2 | 0 | |a produkty |
| 610 | 2 | 0 | |a sporenie obyvateľstva |
| 610 | 2 | 0 | |a sporenie dôchodkové |
| 610 | 2 | 0 | |a investovanie |
| 610 | 2 | 0 | |a investovanie kolektívne |
| 610 | 2 | 0 | |a právo |
| 610 | 2 | 0 | |a legislatíva |
| 610 | 2 | 0 | |a zákony |
| 610 | 2 | 0 | |a zmennosť |
| 100 | 1 | |a Mičudová, Tatiana | |